01044 a2200193 45000010006000000050017000060080041000230030015000640400040000790800077001192450090001960200018002862640032003043000017003365050306003530410008006591000057006678560126007243102120260407155618.0260407a1996 arg spa dAR-UNSa-BCEJYS aAR-UNSa-BCEJYSbspacAR-UNSa-BCEJYS a311.3xOrganización general de las estadisticas. Estadística oficial10aCenso Nacional Económico 1994. Información ComplementariapResultados definitivos a950-896-011-6 1aBuenos Aires :bINDECc1996 a7 v.c25 cm. aVol. I: Información complementaria -- Vol. II: Córdoba, Entre Ríos y Santa Fe -- Vol. III: Mendoza, San Juan y San Luis -- Vol. IV: Capital Federal, Buenos Aires y La Pampa -- Vol. V: Chubut, Neuquén, Río Negro, Santa Cruz y Tierra del Fuego -- Vol. VI: Corrientes, Chaco, Formosa y Misiones aspa1 aInstituto Nacional de Estadística y Censos (INDEC)41uhttps://biblioeco.unsa.edu.ar/pmb/images/revistas/Censo nacional economico 1994-r00775.jpgyImagen de portadaqimage/jpeg